000 00691cab a2200217 4500
001 ABS36405
008 090401t1986 xxu||||| |||| 00| 0 eng d
035 _a(Sirsi) u78094
041 _aeng
245 _aPanels and fixings
260 _c1986
350 _a0
490 _aBuilding
_v250 (7450) 20 June 1986, 5l-65 (13)
520 _aA Building Technology special feature on new developments in internal partitioning.
650 _aASBESTOS SUBSTITUTES
650 _aOFFICES
650 _aBUILT ENVIRONMENT-BUILDING ELEMENTS-COMPLETE BUILDING ELEMENTS-WALLS-INTERNAL WALLS AND PARTITIONS
690 _aBUILT ENVIRONMENT-CONSTRUCTION DESIGN
942 _n0
948 _c04/03/1997
999 _c49138
_d49138